000 01905nam a22004577a 4500
003 CHAP
005 20220329134132.0
008 971013s1986 mx a r 00010 spa d
010 _a15960
011 _a16932
035 _a21014
040 _cCHAP
082 0 4 _a630
_bB5Y
245 0 _aBiblioteca de agricultura
260 _aMéxico, D. F. :
_bCECSA,
_c(1986?)
300 _a8 v.
_b: ilus. ; mapas ; gráfs.
505 0 _aContenido : v.1-3 Producción agrícola, por Richard J. Delorit y Henry L. Ahlgrenv.4-6 Maquinaria agrícola, por Archie A. Stone y Harold E. Gulvin v.7-8 Farm management, por Ronald D. Kay
590 _aBATCH-UPD
_b10
_c20130109
_lUCH01
_h2337
590 _aBATCH-UPD
_b10
_c20130110
_lUCH01
_h0314
590 _aBATCH-UPD
_b10
_c20130110
_lUCH01
_h2036
590 _aBATCH-UPD
_b10
_c20130409
_lUCH01
_h2346
590 _aBATCH-UPD
_b10
_c20130913
_lUCH01
_h2320
590 _aCONVERSION
_b10
_c20130109
_lUCH01
_h1310
650 1 4 _aAgricultura.
_91172
650 1 4 _aEmpresas agropecuarias.
_936649
650 1 4 _aMaquinaria agrícola.
_971151
700 0 _aAhlgrenn, Henry L.
_93091
700 0 _aDelorit, Richard J.
_931704
700 0 _aGulvin, Harold E.
_951456
700 0 _aStone, Archie A.
_9109881
901 _aBK
942 _cLIBRO
949 _a630 B5Y
_bBC
_cLIBRO
_d33724000026902
_eLIBRO
_fv.7
_h69946
_i21014
_si
949 _a630 B5Y
_bBC
_cLIBRO
_d33724000026910
_eLIBRO
_fv.6
_h69945
_i21014
_si
949 _a630 B5Y
_bBC
_cLIBRO
_d33724000026928
_eLIBRO
_fv.5
_h69944
_i21014
_si
949 _a630 B5Y
_bBC
_cLIBRO
_d33724000026936
_eLIBRO
_fv.4
_h69943
_i21014
_si
949 _a630 B5Y
_bBC
_cLIBRO
_d33724000026944
_eLIBRO
_fv.3
_h69942
_i21014
_si
949 _a630 B5Y
_bBC
_cLIBRO
_d33724000026951
_eLIBRO
_fv.2
_h69941
_i21014
_si
949 _a630 B5Y
_bBC
_cLIBRO
_d33724000026969
_eLIBRO
_fv.1
_h69940
_i21014
_si
949 _a630 B5Y
_bBC
_cLIBRO
_d33724000960290
_eLIBRO
_fv.8
_h69947
_i21014
_si
999 _c15960
_d15960